000
00325nam a22001457a 4500
008
210519b ||||| |||| 00| 0 eng d
020
_a
0030045347
041
_a
eng
080
_2
2nd
_a
53
082
_a
53
100
_a
43
101
_a
FIZ
245
_a
Physics for Scientists & Engineers
_c
Serway,R.A
942
_2
udc
_c
BK
999
_c
57461
_d
57461